Doctrinas esenciales: Gaceta Jurídica. Derecho constitucional

Bewaard in:
Bibliografische gegevens
Hoofdauteur: Verdugo Marinkovic, Mario (Auteur)
Andere auteurs: Hernández Emparanza, Domingo (autor)
Formaat: Boek
Taal:Spaans
Gepubliceerd in: Santiago Legal Publishing 2011
Editie:1a. ed
Onderwerpen:
Tags: Voeg label toe
Geen labels, Wees de eerste die dit record labelt!

MARC

LEADER 00000cam a2200000 a 4500
001 UCG9562
003 CL-VaPUC
008 120323e20110000CL |||||||||||||||||spa|d
020 |a 9789562389907o.c 
020 |a 9789563460285t.3 
082 0 4 |a 342.83  |b VER  |2 21 
100 0 |a Verdugo Marinkovic, Mario  |e author  |9 561169 
700 |a Hernández Emparanza, Domingo  |e autor  |9 561173 
245 1 0 |a Doctrinas esenciales: Gaceta Jurídica. Derecho constitucional 
250 |a 1a. ed 
300 |a t 
942 |c BK 
945 |d 20120323 00:00:00  |a cmena 
260 |a Santiago  |b Legal Publishing  |c 2011 
500 |a t.3-5: 1976-2010 
650 0 |a Derecho constitucional   |9 222588 
650 0 |a Derechos humanos  |9 223025 
650 0 |a Constitución política  |9 336925 
650 0 |a Jurisprudencia  |9 255952 
650 7 |a DERECHO CHILENO  |2 CL-VaPUC  |9 561171 
583 |a last modification  |c 20120323 11:52:00  |k Rodrigo Vera 
999 |c 347109  |d 347107 
952 |0 0  |1 0  |4 0  |6 342_830000000000000_VER_2011  |7 0  |8 A  |9 448221  |a BIBDER  |b BIBDER  |d 2019-11-22  |h t.3  |i 483366K  |o 342.83 VER 2011  |p 483366K  |r 2023-01-25  |w 2019-11-22  |y BK  |k DER 
952 |0 0  |1 0  |4 0  |6 342_830000000000000_VER_2011  |7 0  |8 A  |9 448222  |a BIBDER  |b BIBDER  |d 2019-11-22  |h t.4  |i 4833678  |o 342.83 VER 2011  |p 4833678  |r 2023-01-25  |w 2019-11-22  |y BK  |k DER 
952 |0 0  |1 0  |4 0  |6 342_830000000000000_VER_2011  |7 0  |8 A  |9 448223  |a BIBDER  |b BIBDER  |d 2019-11-22  |h t.5  |i 4833686  |o 342.83 VER 2011  |p 4833686  |r 2023-01-25  |w 2019-11-22  |y BK  |k DER